000 11116nam a22007217a 4500
005 20101206113148.0
010 _aHIN-91560 B-443044-082
020 _c300.00
_a9788173093890
035 _aHN-63906
035 _aB-443044-082
037 _bDBAD/PUB
037 _bके.के.पब्लिकेशंस
082 _a301.153
245 _aमहात्मा गांधीःसहस्त्राब्द का महानायकः
_cविश्वनाथ प्रसाद तिवारी द्वारा संपादित
_bगांधी सम्बन्धी चिंतन-परक निबंध /
260 _aनई दिल्ली
_bसस्ता साहित्य मण्डल
_c2009
270 _aएन-77, पहली मंजिल, कनॉट सर्कस
_bनई दिल्ली
_e110001
300 _a248पृ
_c22सेमी (सजिल्द)
650 _aहिन्दी निबंध
_937232
700 _924599
_aतिवारी, विश्वनाथ प्रसाद
700 _925390
942 _2ddc
_cHN
_mगांधीम
_h301.153
999 _c49983
_d49983